Frederick Law Olmsted and the Boston park system (Record no. 12347)

000 -LEADER
fixed length control field 00382 a2200145 4500
003 - CONTROL NUMBER IDENTIFIER
control field OSt
005 - DATE AND TIME OF LATEST TRANSACTION
control field 20240117103029.0
008 - FIXED-LENGTH DATA ELEMENTS--GENERAL INFORMATION
fixed length control field 240117b ||||| |||| 00| 0 eng d
020 ## - INTERNATIONAL STANDARD BOOK NUMBER
International Standard Book Number 9780674318311
082 ## - DEWEY DECIMAL CLASSIFICATION NUMBER
Classification number 712.50924
Item number ZAI
100 ## - MAIN ENTRY--PERSONAL NAME
Personal name Zaitzevsky, Cynthia
245 ## - TITLE STATEMENT
Title Frederick Law Olmsted and the Boston park system
260 ## - PUBLICATION, DISTRIBUTION, ETC. (IMPRINT)
Name of publisher, distributor, etc Harvard University Press
Date of publication, distribution, etc 1992
942 ## - ADDED ENTRY ELEMENTS (KOHA)
Source of classification or shelving scheme
Holdings
Withdrawn status Lost status Source of classification or shelving scheme Damaged status Koha normalized classification for sorting Not for loan Permanent location Current location Date acquired Source of acquisition Cost, normal purchase price Full call number Barcode Date last seen Cost, replacement price Price effective from Koha item type
        712_509240000000000_ZAI   BMS College of Architecture, Design and Planning BMS College of Architecture, Design and Planning 2024-01-17 1 3844.30 712.50924 ZAI AR-UG3643 2024-01-17 5125.73 2024-01-17 UG Books
Copyright © 2025, The Librarian, Library and Information Centre, BMSCA D&P, Bengaluru. All Rights Reserved
web counter

Powered by Koha